000 00752cam a22002174a 4500
001 16883531
005 20241030195624.0
008 110721s2012 caua b 001 0 eng
020 _a9781412990943 (cloth : acidfree paper)
_qHardcover
050 0 0 _aHD57.7
_b.H3562 2012
082 0 0 _a658.4/07124
_223
245 0 4 _aThe handbook for teaching leadership :
_bknowing, doing, and being /
_cEditors, Scott Snook, Nitin Nohria, Rakesh Khurana.
260 _aThousand Oaks :
_bSAGE Publications,
_cc2012.
300 _axxix, 569 p. :
_bill. ;
_c26 cm.
650 0 _aLeadership
_xStudy and teaching
650 0 _aLeadership.
700 1 _aSnook, Scott A.,
_d1958-
700 1 _aNohria, Nitin,
_d1962-
700 1 _aKhurana, Rakesh,
_d1967-
942 _2lcc
_cBK
_n0
999 _c419
_d419